Guia de patrimoni marítim
ISBN:
2013-1100
Publicado:
Barcelona :
Museu Marítim de Barcelona, Xarxa de Museus Marítims de la Costa Catalana ,
2008
Descripción Física:
1 volum : 21 cm il·lustracions en color, periodicitat anual
Materias:
Museus -- Catalunya -- Revistes
; Museus marítims -- Catalunya
; Xarxa de Museus Martítims de la Costa Catalana -- Activitats culturals
Idioma:
Catalán
MARC
| LEADER | 00000nas a2200000 a 4500 | ||
|---|---|---|---|
| 003 | Arxiu | ||
| 005 | 20260324180033.0 | ||
| 008 | 160829d2008 spcarxp cat c | ||
| 020 | |a 2013-1100 | ||
| 040 | |a AGDB | ||
| 080 | |a Revistes | ||
| 245 | |a Guia de patrimoni marítim | ||
| 260 | |a Barcelona : |b Museu Marítim de Barcelona, Xarxa de Museus Marítims de la Costa Catalana |c 2008- | ||
| 300 | |a 1 volum : |c 21 cm |b il·lustracions en color, periodicitat anual | ||
| 310 | |a 2008-2009 | ||
| 650 | 0 | |a Museus |x Catalunya |x Revistes |9 46489 |2 Arxiu | |
| 650 | 0 | |a Museus marítims |9 55938 |z Catalunya | |
| 650 | 0 | |a Xarxa de Museus Martítims de la Costa Catalana |x Activitats culturals |9 44476 | |
| 710 | 2 | |a Xarxa de Museus Marítims de la Costa Catalana |9 55936 |e entitat editora | |
| 710 | |a Museu Marítim (Barcelona, Catalunya) |9 10020 |e entitat editora | ||
| 866 | |a 2008-2009 | ||
| 901 | |a Arxiu | ||
| 942 | |n 1 |2 udc |c REV | ||
| 952 | |0 0 |1 0 |4 0 |6 REV2194 |7 1 |9 51958 |a Arxiu |b Arxiu |d 2023-06-14 |h 2008-2009 |o Rev-2194 |p 28052 |r 2016-12-01 00:00:00 |w 2016-12-01 |y ARXIU | ||
| 999 | |c 55805 |d 55805 | ||